| 000 | 00751cam a2200265 4500 | ||
|---|---|---|---|
| 008 | 090401t1992 xxu||||| |||| 00| 0 eng d | ||
| 020 | _a0860173534 | ||
| 035 | _a(Sirsi) u53208 | ||
| 041 | _aeng | ||
| 050 | _a690.3 | ||
| 100 | _aBarber, J.N. | ||
| 245 | _aQuality management in construction: contractual aspects. | ||
| 260 |
_aLondon _bCIRIA _c1992 |
||
| 300 | _a156p. ; 30cm. | ||
| 350 | _a50 | ||
| 490 |
_aCIRIA Special Publication _v84 |
||
| 650 | _aBUILT ENVIRONMENT-BUILDING CONTRACT FORMS | ||
| 650 |
_aInsurance _96249 |
||
| 650 | _aQUALITY ASSURANCE | ||
| 650 | _aSTANDARDS | ||
| 690 | _aBUILT ENVIRONMENT | ||
| 710 |
_aConstruction Industry Research and Information Association _94810 |
||
| 942 | _n0 | ||
| 948 | _c04/03/1997 | ||
| 999 |
_c93236 _d93236 |
||